1111 1504 1908 1606 1438 1461 1063 1184 1634 1946 1815 1912 1625 1097 1968 1516 1976 1498 1306 1915 1770 1529 1194 1809 1405 1477 1642 1389 1881 1811 1614 1928 1347 1473 1531 1398 1764 1133 1640 1786 1697 1264 1653 1605 1138 1382 1744 1341 1736 1745 1202 1567 1068 1924 1643 1753 1974 1679 1670 1159 1700 1560 1852 1535 1717 1854 1421 1885 1121 1198 1519 1104 1968 1118 1067 1445 1819 1211 1908 1257 1024 1543 1532 1936 1237 1418 1084 1248 1307 1688 1644 1141 1138 1133 1098 1670 1502 1569 1641 BCNSPRNW ULIB Ver.6.0+V

เปลี่ยนเป็นภาษาไทย

Change to English
 แสดงรายละเอียดบรรณานุกรม
  กลับหน้าหลัก

Brief Record : Get Marc (ISO 2709) : E-mail record : QR code < ปิดหน้าต่าง
LEADER : 00000nam 2200000uu 4500
001    13399126452
003     ULIB
008    180918s2557||||th 000 0 tha d
020    ^a9789740327912
050  4 ^aLB1590.3^bช149ก
100 0  ^aชนาธิป พรกุล
245 10 ^aการสอนกระบวนการคิด :^bทฤษฎีและการนำไปใช้ /^cชนาธิป พรกุล
250    ^aพิมพ์ครั้งที่ 3
260    ^aกรุงเทพฯ :^bสำนักพิมพ์แห่งจุฬาลงกรณ์มหาวิทยาลัย,^c2557
300    ^a454 หน้า :^bภาพประกอบ
650  7 ^aความคิดและการคิด
650  7 ^aทักษะทางการคิด
650  7 ^aการสอน
945    ^p310^l0^i26686
945    ^p310^l0^i26687
945    ^p310^l0^i26655
999    ^aกัณชพร จุลอักษร
รายการนี้ยังไม่มีแท็ก
คุณยังไม่ได้ล็อกอิน คุณสามารถมีกิจกรรมร่วมกับเว็บไซต์ได้ แต่ต้องล็อกอินก่อน ::
  ล็อกอิน

รายการสื่อสารสนเทศ

ลำดับที่ ประเภท เลขเรียก/บาร์โค้ด สถานที่ สถานะ
1. วิทยาศาสตร์การแพทย์ และสุขภาพ
วิทยาศาสตร์การแพทย์ และสุขภาพ
LB1590.3 ช149ก ฉ.1 
  Barcode: 26655
ห้องสมุดวิทยาเขตนครสวรรค์
►หนังสือทั่วไป:l:General Books
บนชั้น
2. วิทยาศาสตร์การแพทย์ และสุขภาพ
วิทยาศาสตร์การแพทย์ และสุขภาพ
LB1590.3 ช149ก ฉ.2 
  Barcode: 26686
ห้องสมุดวิทยาเขตนครสวรรค์
►หนังสือทั่วไป:l:General Books
บนชั้น
3. วิทยาศาสตร์การแพทย์ และสุขภาพ
วิทยาศาสตร์การแพทย์ และสุขภาพ
LB1590.3 ช149ก ฉ.3 
  Barcode: 26687
ห้องสมุดวิทยาเขตนครสวรรค์
►หนังสือทั่วไป:l:General Books
บนชั้น

รายการใกล้เคียง
    ผู้แต่ง [ชนาธิป พรกุล]

    หัวเรื่อง [ความคิดและการคิด]
    หัวเรื่อง [ทักษะทางการคิด]
    หัวเรื่อง [การสอน]

BibComment


ยังไม่เคยถูกคอมเมนท์

คอมเมนท์ทรัพยากรรายการนี้
  คอมเมนท์: การสอนกระบวนการค..


 Copyright 2026. Bcnsprnw @Library